[Event "Syre Memorial op 35th"]
[Site "Issy les Moulineaux"]
[Date "2012.05.19"]
[Round "5"]
[White "Ferriere, Claude Valery"]
[Black "Massip, Julien"]
[Result "0-1"]
[WhiteElo "1443"]
[BlackElo "2021"]
[PlyCount "24"]
[EventDate "2012.05.17"]
[EventType "swiss"]
[EventRounds "6"]
[EventCountry "FRA"]
[SourceTitle "EXT 2015"]
[Source "ChessBase"]
[SourceDate "2014.11.20"]
[SourceVersion "1"]
[SourceVersionDate "2014.11.20"]
[SourceQuality "1"]

1. e4 c5 2. Nf3 e6 3. d4 cxd4 4. Nxd4 Nc6 5. Nc3 Nf6 6. Nb3 Bb4 7. Bg5 h6 8. Bd2 0-0 9. f3 d5 10. Nb5 dxe4 11. c3 Be7 12. N3d4 e5 0-1